00323nam a2200133Ia 4500008004100000041000800041082001500049100001600064245003400080260003500114300000800149365001600157700001600173230718s9999 xx 000 0 und d aeng a428.6bPHI aPhirke S.L. aWay To Bright Future,Vol. III c2007bGlobal Knowledge Mission a404 cRs.b500.00 aPhirke S.L.